000 00547nam a22001937a 4500
003 koha_MIRAKIL
005 20231213095902.0
008 231213b |||||||| |||| 00| 0 ||| d
020 _b978-9-75826313-4
040 _aTR-IsEVY
_btur
_cTR-IsEVY
082 _a535.6 REN
100 _ahazırlayanlar Gallimard Jeunesse , P.Bourgoing ; resimleyenler P.M.Valat, S.Peyrols.
245 0 _aRenkler
260 _bMarsık Yayıncılık,
_c2004
300 _a1 c.
650 _aColors
650 _aIllustrated books, children's.
942 _2ddc
_cBK
999 _c11035
_d11035